000 00490nam a2200181Ia 4500
005 20250326123934.0
008 250326s9999 xx 000 0 und d
037 _aTextbook
040 _aFMSL
_beng
_cFMSL
041 _aeng
_2eng
084 _aT(S:44) L1
_qFMSL
100 _aScott J A
_9111070
245 0 _aTraining creative thinking
_cScott J A
260 _aNY Holt
_bNY Holt, Rinehart
_c1971
300 _a302p
942 _cTB
_hT(S:44) L1
999 _c1271568
_d1271568